[Event "ch-RUS Rapid 2017"]
[Site "Sochi RUS"]
[Date "2017.09.30"]
[Round "2.22"]
[White "Demidov, Mikhail"]
[Black "Bublei, Pavel"]
[Result "1-0"]
[WhiteTitle "IM"]
[BlackTitle "FM"]
[WhiteElo "2521"]
[BlackElo "2387"]
[WhiteFideId "4197143"]
[BlackFideId "24112593"]
[EventDate "2017.09.30"]

1. Nf3 d5 2. g3 Nf6 3. Bg2 c5 4. d4 cxd4 5. O-O e6 6. Nxd4 e5 7. Nb3 Be6 8. c4
Nc6 9. cxd5 Nxd5 10. Qc2 Ndb4 11. Qc3 Rc8 12. Na3 Nd4 13. Nxd4 exd4 14. Qf3 Bd5
15. Qf5 Bxg2 16. Kxg2 Qd5+ 17. Qxd5 Nxd5 18. Rd1 Bc5 19. Nb5 Nb4 20. a3 Nc2 21.
Ra2 a6 22. b4 Bxb4 23. Na7 Ne1+ 24. Rxe1 Bxe1 25. Nxc8 Kd7 26. Nb6+ Kc6 27. Nc4
Kd5 28. Nb2 Bc3 29. Nd3 Kc4 30. Bd2 Kb3 31. Nc1+ Kc4 32. a4 Rc8 33. Kf1 Kb4 34.
Ke1 h5 35. Rb2+ Kxa4 36. Rxb7 Ba5 1-0

[Event "ch-RUS Rapid 2017"]
[Site "Sochi RUS"]
[Date "2017.09.30"]
[Round "2.23"]
[White "Linker, Mikhail"]
[Black "Alekseenko, Kirill"]
[Result "0-1"]
[BlackTitle "GM"]
[WhiteElo "2269"]
[BlackElo "2563"]
[WhiteFideId "14101734"]
[BlackFideId "4135539"]
[EventDate "2017.09.30"]

1. d4 d5 2. c4 dxc4 3. Nf3 a6 4. a4 Nf6 5. e3 Bg4 6. Bxc4 e6 7. Nc3 Nc6 8. O-O
Bd6 9. h3 Bh5 10. b3 O-O 11. Bb2 Qe7 12. Be2 Rfd8 13. Nd2 Bg6 14. Nc4 e5 15.
Nxd6 cxd6 16. Ba3 Qe8 17. Qd2 Rac8 18. d5 Ne7 19. f3 Nh5 20. e4 f5 21. Rfc1 Qd7
22. Qe3 Rf8 23. Qb6 Rcd8 24. Kh2 Nc8 25. Qe3 Qe7 26. a5 Qh4 27. Kg1 Nf4 28. Qf2
Qg5 29. h4 Nh3+ 30. Kf1 Qxc1+ 31. Rxc1 Nxf2 32. exf5 Bxf5 33. Kxf2 Ne7 34. Ke3
Bg6 35. g4 h5 36. Bc4 hxg4 37. fxg4 Rf4 38. Rg1 Bh7 39. Rg3 Bf5 40. Be2 Rc8 41.
Kd2 Rd4+ 42. Ke1 Bxg4 43. Bxg4 Rxg4 44. Rxg4 Rxc3 45. Bxd6 Nxd5 46. Kd2 Re3 47.
Rg5 Rxb3 48. Bxe5 Kf7 49. Bxg7 Nc7 50. Bc3 Ne6 51. Rf5+ Ke7 52. h5 Rb1 53. Bf6+
Kd6 54. Bc3 Rh1 55. Bb4+ Kc6 56. Re5 Nf4 57. Kc3 Nd5+ 58. Kb3 Rh3+ 59. Ka4 b5+
60. axb6 Nxb6+ 0-1

[Event "ch-RUS Rapid 2017"]
[Site "Sochi RUS"]
[Date "2017.09.30"]
[Round "2.24"]
[White "Iljiushenok, Ilia"]
[Black "Chekletsov, Ilya"]
[Result "1-0"]
[WhiteTitle "IM"]
[BlackTitle "FM"]
[WhiteElo "2519"]
[BlackElo "2372"]
[WhiteFideId "24105074"]
[BlackFideId "24177156"]
[EventDate "2017.09.30"]

1. e4 c5 2. Nc3 Nc6 3. Bb5 Nd4 4. Bc4 g6 5. Nf3 Bg7 6. Nxd4 cxd4 7. Qf3 Nh6 8.
Ne2 O-O 9. d3 e5 10. h4 d5 11. Bxd5 Bg4 12. Qg3 Bxe2 13. Kxe2 Nf5 14. Qh3 Ne7
15. Bb3 h6 16. f4 exf4 17. Bxf4 Kh7 18. g4 f5 19. gxf5 gxf5 20. Rag1 Bh8 21. Qg3
Rf6 22. h5 fxe4 23. Be5 Nf5 24. Qg6+ 1-0

[Event "ch-RUS Rapid 2017"]
[Site "Sochi RUS"]
[Date "2017.09.30"]
[Round "2.25"]
[White "Gubsky, Egor"]
[Black "Yuffa, Daniil"]
[Result "1-0"]
[WhiteTitle "FM"]
[BlackTitle "GM"]
[WhiteElo "2303"]
[BlackElo "2527"]
[WhiteFideId "4194055"]
[BlackFideId "24131423"]
[EventDate "2017.09.30"]

1. d4 Nf6 2. c4 c5 3. d5 g6 4. Nc3 Bg7 5. Nf3 O-O 6. e4 d6 7. h3 e6 8. Bd3 exd5
9. exd5 Qe7+ 10. Be3 Bh6 11. O-O Bxe3 12. Qe2 Nbd7 13. Rae1 Re8 14. fxe3 a6 15.
Rf2 Nh5 16. Qd2 Ne5 17. g4 Ng7 18. e4 f5 19. Nxe5 Qxe5 20. gxf5 Bxf5 21. Rf3 Bd7
22. Ref1 Qd4+ 23. Qf2 Qxf2+ 24. R1xf2 Nh5 25. Rf7 Rad8 26. Be2 Ng3 27. Bd3 Nh5
28. Be2 Ng3 29. Bd3 Re5 30. Kh2 Nh5 31. Be2 Ng7 32. Bg4 Bxg4 33. hxg4 h5 34.
Rxb7 hxg4 35. Kg3 Rh5 36. Rff7 Rh7 37. Kxg4 Re8 38. Kg5 Kh8 39. e5 dxe5 40. Ne4
Rh1 41. Rxg7 Rg1+ 42. Kh6 Rh1+ 43. Kxg6 Rg1+ 44. Ng5 Rg3 1-0

[Event "ch-RUS Rapid 2017"]
[Site "Sochi RUS"]
[Date "2017.09.30"]
[Round "2.26"]
[White "Kryakvin, Dmitry"]
[Black "Palchun, Grigory"]
[Result "1-0"]
[WhiteTitle "GM"]
[WhiteElo "2583"]
[BlackElo "2441"]
[WhiteFideId "4153278"]
[BlackFideId "24147338"]
[EventDate "2017.09.30"]

1. d4 Nf6 2. c4 e6 3. Nf3 Bb4+ 4. Bd2 Qe7 5. g3 Bxd2+ 6. Qxd2 Nc6 7. e3 d5 8.
Qc3 O-O 9. Nbd2 e5 10. Nxe5 Nxe5 11. dxe5 Ne4 12. Nxe4 dxe4 13. Bg2 Bf5 14. g4
Bg6 15. h4 h6 16. O-O-O Rfe8 17. Rd5 c6 18. Rd6 Qxe5 19. Qxe5 Rxe5 20. Rhd1 h5
21. g5 Bf5 22. Kc2 Kf8 23. Rd8+ Re8 24. Rxa8 Rxa8 25. Kc3 b6 26. a4 c5 27. a5
Ke7 28. Rd5 Ke6 29. b4 Rc8 30. Rxf5 1-0

[Event "ch-RUS Rapid 2017"]
[Site "Sochi RUS"]
[Date "2017.09.30"]
[Round "2.27"]
[White "Chos, Alexey"]
[Black "Levin, Evgeny A."]
[Result "0-1"]
[WhiteTitle "IM"]
[BlackTitle "GM"]
[WhiteElo "2317"]
[BlackElo "2532"]
[WhiteFideId "14117762"]
[BlackFideId "4182596"]
[EventDate "2017.09.30"]

1. e4 c5 2. Nf3 d6 3. Bb5+ Nd7 4. c4 Nf6 5. Nc3 e6 6. d4 cxd4 7. Nxd4 Be7 8. O-O
O-O 9. Bxd7 Bxd7 10. b3 Rc8 11. Bb2 a6 12. a4 b6 13. Qf3 Qc7 14. Rfd1 Rb8 15. h3
Bc8 16. Nde2 Bb7 17. Ng3 Rfd8 18. Qe2 Nd7 19. Rab1 Nf6 20. Ba3 Ba8 21. Rd3 Nd7
22. Rdd1 Nc5 23. Qg4 g6 24. Qf4 Qc6 25. f3 Bf8 26. Nge2 Bg7 27. Qh4 Qc7 28. Kh1
Bc6 29. Nd4 Be8 30. Qg3 Be5 31. Qf2 Qe7 32. f4 Bg7 33. b4 Nxa4 34. Nce2 Rbc8 35.
Rbc1 b5 36. cxb5 Bxb5 37. Nxb5 axb5 38. Qe3 Qb7 39. f5 Nb6 40. Rxc8 Rxc8 41.
fxe6 fxe6 42. Bc1 Nc4 43. Qf3 Rf8 44. Qg4 Qf7 45. Nf4 Be5 46. Ne2 h5 47. Qg5 Qf6
48. Qh6 Rf7 49. Bg5 Qg7 50. Qxg7+ Kxg7 51. Kg1 Ra7 52. Bf4 Kf6 53. Bxe5+ Kxe5
54. Nd4 Ra4 55. h4 Ne3 56. Nf3+ Kf4 57. Rd3 Ra1+ 58. Kf2 Ra2+ 59. Rd2 Rxd2+ 60.
Nxd2 Nc2 61. g3+ Ke5 62. Nf3+ Kxe4 63. Ng5+ Kd5 64. Nh7 Nxb4 65. Nf8 Nd3+ 66.
Ke3 Ne5 67. Kd2 b4 68. Kc2 Kc4 69. Nxe6 b3+ 70. Kb2 d5 71. Nf4 Nd3+ 0-1

[Event "ch-RUS Rapid 2017"]
[Site "Sochi RUS"]
[Date "2017.09.30"]
[Round "2.28"]
[White "Moiseenko, Vadim"]
[Black "Tenikashvili, Georgij"]
[Result "1-0"]
[WhiteTitle "IM"]
[BlackTitle "FM"]
[WhiteElo "2558"]
[BlackElo "2294"]
[WhiteFideId "4123700"]
[BlackFideId "4134605"]
[EventDate "2017.09.30"]

1. e4 c6 2. d4 d5 3. f3 e5 4. exd5 exd4 5. Qxd4 Qxd5 6. Qxd5 cxd5 7. Nc3 Be6 8.
Nb5 Kd7 9. Be3 a6 10. Nc3 Bb4 11. Ne2 Ne7 12. O-O-O b5 13. a3 Bd6 14. Nf4 Bxf4
15. Bxf4 Nbc6 16. Bd3 Rhd8 17. g4 Ke8 18. h4 d4 19. Ne4 Nd5 20. Bd2 Ne5 21. Ng5
Nxd3+ 22. cxd3 Kd7 23. Rde1 Ne7 24. Kb1 Bd5 25. Nxh7 f6 26. g5 f5 27. Re5 Bg8
28. Rhe1 Re8 29. Nf8+ Kd6 30. Bb4+ Kc7 31. Rxe7+ Rxe7 32. Rxe7+ 1-0

[Event "ch-RUS Rapid 2017"]
[Site "Sochi RUS"]
[Date "2017.09.30"]
[Round "3.1"]
[White "Moiseenko, Vadim"]
[Black "Inarkiev, Ernesto"]
[Result "0-1"]
[WhiteTitle "IM"]
[BlackTitle "GM"]
[WhiteElo "2558"]
[BlackElo "2694"]
[WhiteFideId "4123700"]
[BlackFideId "4162722"]
[EventDate "2017.09.30"]

1. e4 c5 2. Nf3 e6 3. c4 Nc6 4. Be2 e5 5. O-O d6 6. Nc3 g6 7. a3 Bg7 8. b4 Nge7
9. Rb1 O-O 10. d3 b6 11. bxc5 dxc5 12. Nd5 f5 13. Bd2 h6 14. a4 g5 15. a5 g4 16.
Ne1 Nxd5 17. cxd5 Nd4 18. Nc2 Nxe2+ 19. Qxe2 Ba6 20. f3 gxf3 21. gxf3 b5 22. Kh1
f4 23. Rg1 Kh7 24. Rg2 Bf6 25. Rbg1 Qe7 26. Rg6 Rg8 27. Rxg8 Rxg8 28. Rxg8 Kxg8
29. Qg2+ Kh7 30. Qg4 b4 31. Qf5+ Kg7 32. Qg4+ Kh8 33. d4 b3 34. dxe5 Qxe5 35.
Bxf4 bxc2 36. Kg2 Qb2 37. Kg3 c1=Q 38. Bxc1 Qxc1 0-1

[Event "ch-RUS Rapid 2017"]
[Site "Sochi RUS"]
[Date "2017.09.30"]
[Round "3.2"]
[White "Andreikin, Dmitry"]
[Black "Sarana, Alexey"]
[Result "1/2-1/2"]
[WhiteTitle "GM"]
[BlackTitle "GM"]
[WhiteElo "2708"]
[BlackElo "2541"]
[WhiteFideId "4158814"]
[BlackFideId "24133795"]
[EventDate "2017.09.30"]

1. d4 Nf6 2. Bg5 d5 3. Nd2 c5 4. dxc5 Nc6 5. c3 a5 6. Ngf3 h6 7. Bxf6 exf6 8. e3
Bxc5 9. a4 O-O 10. Bb5 f5 11. O-O Qf6 12. Nb3 Bb6 13. g3 Be6 14. Nbd4 Nxd4 15.
Nxd4 Bxd4 16. Qxd4 Qxd4 17. exd4 Rfd8 18. f4 Bd7 19. Bxd7 Rxd7 20. Rfe1 Kf8 21.
Ra3 Rd6 22. Rb3 b6 23. Rb5 f6 24. Kf2 Rc8 25. Re3 Rc4 26. b3 Rc7 27. Ke2 Kf7 28.
Kd3 Rdc6 29. Kd2 Rd6 30. Re1 g5 31. Kd3 Rcd7 32. Rb1 gxf4 33. gxf4 Re7 34. b4
Re4 35. bxa5 bxa5 36. Rf1 Kg6 37. Rxa5 Kh5 38. Rb5 Kg4 39. a5 Rxf4 40. Rxf4+
Kxf4 41. Rb6 Rd7 42. a6 Kf3 43. Rxf6 f4 44. Rxh6 Kg2 45. Rg6+ Kf2 46. Rb6 f3 47.
Rb7 Rd6 48. Rb2+ Kg1 49. a7 Rd8 50. c4 dxc4+ 51. Kxc4 Ra8 52. Rb1+ Kxh2 53. Rb7
f2 54. Rh7+ Kg2 55. Rg7+ Kf3 56. Rf7+ Ke2 57. Re7+ Kf3 58. Kc5 Rc8+ 59. Kb6 Rf8
60. Rf7+ Rxf7 61. a8=Q+ Kf4 62. Qh1 Ke3 63. Qc1+ Kxd4 64. Qc5+ Kd3 65. Qd5+ Ke2
66. Qe6+ Kf1 67. Qxf7 Kg2 1/2-1/2

[Event "ch-RUS Rapid 2017"]
[Site "Sochi RUS"]
[Date "2017.09.30"]
[Round "3.3"]
[White "Jakovenko, Dmitry"]
[Black "Lugovskoy, Maxim"]
[Result "1-0"]
[WhiteTitle "GM"]
[BlackTitle "GM"]
[WhiteElo "2710"]
[BlackElo "2474"]
[WhiteFideId "4122356"]
[BlackFideId "24126454"]
[EventDate "2017.09.30"]

1. e4 e6 2. d4 d5 3. Nc3 Bb4 4. e5 c5 5. a3 Bxc3+ 6. bxc3 Ne7 7. a4 Qc7 8. Nf3
b6 9. Bb5+ Bd7 10. Bd3 Bc8 11. O-O Ba6 12. Bxa6 Nxa6 13. a5 O-O 14. Ng5 h6 15.
Qd3 hxg5 16. Qxa6 cxd4 17. Bxg5 Nc6 18. f4 dxc3 19. Qd3 Ne7 20. Rf3 Qc5+ 21. Kh1
Ng6 22. h4 Rfc8 23. h5 Nf8 24. Rg3 Qc4 25. Bf6 g6 26. Qf3 Qe4 27. hxg6 Nxg6 28.
Qh5 Kf8 29. Rf1 Ke8 30. f5 exf5 31. Rxg6 fxg6 32. Qh7 Qb4 33. e6 1-0

[Event "ch-RUS Rapid 2017"]
[Site "Sochi RUS"]
[Date "2017.09.30"]
[Round "3.5"]
[White "Dzhumagaliev, Yan"]
[Black "Tomashevsky, Evgeny"]
[Result "0-1"]
[WhiteTitle "FM"]
[BlackTitle "GM"]
[WhiteElo "2400"]
[BlackElo "2710"]
[WhiteFideId "24100110"]
[BlackFideId "4147235"]
[EventDate "2017.09.30"]

1. d4 Nf6 2. c4 e6 3. g3 c5 4. d5 exd5 5. cxd5 d6 6. Nc3 g6 7. Bg2 Bg7 8. Nf3
O-O 9. O-O a6 10. a4 Nbd7 11. Nd2 Re8 12. a5 Rb8 13. Nc4 Ne5 14. Ne3 Bd7 15. h3
b5 16. f4 Nc4 17. Nxc4 bxc4 18. e4 Rb3 19. e5 dxe5 20. fxe5 Rxe5 21. g4 h5 22.
Bf4 Re8 23. Bg5 hxg4 24. hxg4 Re5 25. Qd2 Bxg4 26. Qf4 Rf5 27. Bxf6 Bxf6 28.
Qxg4 Bd4+ 29. Kh1 Rh5+ 30. Bh3 Rxb2 31. Ne4 Rb3 32. Ng3 Rh4 0-1

[Event "ch-RUS Rapid 2017"]
[Site "Sochi RUS"]
[Date "2017.09.30"]
[Round "3.6"]
[White "Sharafiev, Azat"]
[Black "Alekseev, Evgeny"]
[Result "0-1"]
[WhiteTitle "IM"]
[BlackTitle "GM"]
[WhiteElo "2433"]
[BlackElo "2622"]
[WhiteFideId "4186214"]
[BlackFideId "4138147"]
[EventDate "2017.09.30"]

1. Nf3 c5 2. g3 Nc6 3. Bg2 g6 4. c4 Bg7 5. Nc3 d6 6. O-O e6 7. a3 Nge7 8. b4 O-O
9. bxc5 dxc5 10. Bb2 b6 11. d3 Bb7 12. a4 a5 13. Nd2 Rb8 14. Rb1 f5 15. Nb5 e5
16. f4 exf4 17. gxf4 Nb4 18. Bxg7 Kxg7 19. Nf3 Nec6 20. Qd2 Qe7 21. Rf2 Rbd8 22.
h4 Rfe8 23. Bh3 Nd4 24. Nbxd4 cxd4 25. h5 Bxf3 26. exf3 Qh4 27. Bf1 Qg3+ 28. Bg2
Re3 29. Rxb4 axb4 30. Qxb4 Rde8 31. Qd2 Re1+ 32. Rf1 R1e2 0-1

[Event "ch-RUS Rapid 2017"]
[Site "Sochi RUS"]
[Date "2017.09.30"]
[Round "3.7"]
[White "Smagin, Sergey"]
[Black "Motylev, Alexander"]
[Result "0-1"]
[WhiteTitle "GM"]
[BlackTitle "GM"]
[WhiteElo "2551"]
[BlackElo "2668"]
[WhiteFideId "4100425"]
[BlackFideId "4121830"]
[EventDate "2017.09.30"]

1. e4 c6 2. d4 d5 3. e5 Bf5 4. Nf3 e6 5. Be2 a6 6. O-O Bg6 7. b3 c5 8. Ba3 Nc6
9. Bxc5 Bxc5 10. dxc5 Qa5 11. a3 Qxc5 12. b4 Qxc2 13. Qe1 Bd3 14. Nbd2 Bxe2 15.
Qxe2 Nge7 16. Rfc1 Qf5 17. Nb3 Ng6 18. Nc5 Nf4 19. Qf1 Nxe5 20. Nd4 Qg4 21. Kh1
b6 22. f3 Qg6 23. Nxa6 O-O 24. Nc7 Rac8 25. Ncb5 Nc4 26. Rc3 Nd2 27. Qf2 Rxc3
28. Nxc3 Qd3 29. Ndb5 Nc4 30. Rd1 Qe3 31. Qxe3 Nxe3 32. Rd2 Rc8 33. g3 Nc4 34.
Rd1 Ng6 35. a4 Ne7 36. Ra1 Nc6 37. Rb1 Nd2 38. Rb2 Nxf3 39. Nd6 Rd8 40. Ncb5
Nfe5 41. Nb7 Ra8 42. a5 Nc4 43. Rf2 bxa5 44. bxa5 N6xa5 45. Ra2 h6 46. Ra4 Rb8
47. Nxa5 Rxb5 48. Nxc4 dxc4 49. Rxc4 g5 50. h4 Kg7 51. hxg5 hxg5 52. Kg2 Rb2+
53. Kg1 f5 54. Rc5 Kf6 55. Ra5 f4 56. Ra8 Kf5 57. Rg8 e5 0-1

[Event "ch-RUS Rapid 2017"]
[Site "Sochi RUS"]
[Date "2017.09.30"]
[Round "3.8"]
[White "Kezin, Roman"]
[Black "Potkin, Vladimir"]
[Result "0-1"]
[WhiteTitle "FM"]
[BlackTitle "GM"]
[WhiteElo "2455"]
[BlackElo "2574"]
[WhiteFideId "24124621"]
[BlackFideId "4131061"]
[EventDate "2017.09.30"]

1. d4 Nf6 2. c4 e6 3. g3 d5 4. Nf3 dxc4 5. Bg2 a6 6. O-O Nc6 7. Nc3 Rb8 8. e4
Be7 9. Qe2 b5 10. Rd1 Nb4 11. d5 exd5 12. e5 O-O 13. exf6 Bxf6 14. a3 Re8 15.
Be3 Nd3 16. Ne1 d4 17. Nxd3 cxd3 18. Rxd3 Bf5 19. Rd2 c5 20. Qf3 Qc8 21. Nd5
dxe3 22. Nxf6+ gxf6 23. fxe3 Qe6 24. Rf1 Bg6 25. Qxf6 Qxe3+ 26. Rdf2 Re6 27. Qh4
Rbe8 28. Kh1 Rd6 29. Rf3 Qd4 30. Qg5 Re5 31. Qc1 Re2 32. Rc3 Qd2 33. Qxd2 Rdxd2
34. Bf3 Rxh2+ 35. Kg1 c4 36. b3 Bd3 37. Re1 Rh3 0-1

[Event "ch-RUS Rapid 2017"]
[Site "Sochi RUS"]
[Date "2017.09.30"]
[Round "3.9"]
[White "Sakaev, Konstantin"]
[Black "Usmanov, Vasily"]
[Result "1-0"]
[WhiteTitle "GM"]
[BlackTitle "IM"]
[WhiteElo "2594"]
[BlackElo "2459"]
[WhiteFideId "4104226"]
[BlackFideId "4135741"]
[EventDate "2017.09.30"]

1. d4 Nf6 2. c4 e6 3. Nc3 d5 4. cxd5 exd5 5. Bg5 c6 6. Qc2 h6 7. Bh4 g5 8. Bg3
Be6 9. e3 Nbd7 10. f3 a6 11. Bd3 Nh5 12. Bf2 Bd6 13. Nge2 Qc7 14. e4 Nf4 15.
Nxf4 gxf4 16. e5 Be7 17. Ne2 Qa5+ 18. Kf1 c5 19. Nxf4 cxd4 20. Bxd4 Nc5 21. Be2
Rc8 22. Nxe6 fxe6 23. a3 Kd7 24. b4 Qa4 25. Qxa4+ Nxa4 26. Bd3 Nc3 27. Kf2 Nb5
28. Bb2 Bd8 29. Rhc1 Bb6+ 30. Kf1 Be3 31. Rxc8 Rxc8 32. Ke2 d4 33. Bxb5+ axb5
34. Kd3 Rc4 35. g3 Kc6 36. Ke4 h5 37. Rd1 Rc2 38. Bxd4 Bc1 39. Bc5 Rc4+ 40. Rd4
Bxa3 41. Kd3 b6 42. Rd6+ Kc7 43. Bxb6+ Kb7 44. Bc5 Bxb4 45. Bxb4 Rxb4 46. Rxe6
Rb3+ 47. Ke4 b4 48. Rd6 Rb2 49. Kf5 Rxh2 50. Rd4 Rh3 51. Rxb4+ Kc6 52. Rh4 Rxg3
53. f4 Kd5 54. Rxh5 Rg8 55. Rh6 Rf8+ 56. Rf6 1-0

[Event "ch-RUS Rapid 2017"]
[Site "Sochi RUS"]
[Date "2017.09.30"]
[Round "3.10"]
[White "Belyakov, Bogdan"]
[Black "Timofeev, Artyom"]
[Result "0-1"]
[WhiteTitle "IM"]
[BlackTitle "GM"]
[WhiteElo "2486"]
[BlackElo "2549"]
[WhiteFideId "24104795"]
[BlackFideId "4140419"]
[EventDate "2017.09.30"]

1. e4 d6 2. d4 Nf6 3. Nc3 g6 4. f4 Bg7 5. Nf3 c5 6. dxc5 Qa5 7. Bd3 Qxc5 8. Qe2
O-O 9. a3 Bg4 10. Be3 Qa5 11. O-O Nc6 12. h3 Bxf3 13. Qxf3 Rac8 14. Kh1 Nd7 15.
Bd2 Qd8 16. Rab1 Nc5 17. Ne2 a6 18. Bc3 b5 19. Bxg7 Kxg7 20. Qe3 Qc7 21. b4 Nd7
22. c4 bxc4 23. Bxc4 a5 24. Bd5 axb4 25. Rfc1 Qa7 26. Qd2 Ncb8 27. axb4 Nf6 28.
b5 Rxc1+ 29. Rxc1 Qf2 30. Qe1 Qb6 31. Rb1 e6 32. Ba8 Rc8 33. e5 dxe5 34. fxe5
Nfd7 35. Nf4 Rc5 36. Qg3 Rxb5 37. Rc1 Rxe5 38. Bf3 Rc5 39. Rd1 Nf6 40. Nd3 Rb5
41. Ne5 Rb1 42. Rxb1 Qxb1+ 43. Kh2 Nbd7 44. Nc6 Qb6 45. Qd6 Qc5 46. Qc7 Nb6 47.
Qa7 Qd6+ 48. Kh1 Nbd5 49. Bxd5 Qxd5 50. Qb6 Qd1+ 51. Kh2 Qd6+ 52. Kh1 e5 53. Qb5
Nd7 54. Nd8 Nc5 55. Qe8 Qf6 56. Nxf7 Nd3 57. Nd8 e4 58. Qd7+ Kg8 59. Qe8+ Qf8
60. Qe6+ Kh8 61. Nf7+ Kg7 62. Nd6 Qf1+ 63. Kh2 Qf4+ 64. Kh1 Kh6 65. Nf7+ Kh5 66.
Qe7 Qg3 67. Kg1 Nf4 68. Qxe4 Nxh3+ 69. Kf1 Qf2# 0-1

[Event "ch-RUS Rapid 2017"]
[Site "Sochi RUS"]
[Date "2017.09.30"]
[Round "3.11"]
[White "Novikov, Maxim"]
[Black "Khismatullin, Denis"]
[Result "0-1"]
[WhiteTitle "GM"]
[BlackTitle "GM"]
[WhiteElo "2501"]
[BlackElo "2628"]
[WhiteFideId "4161289"]
[BlackFideId "4142578"]
[EventDate "2017.09.30"]

1. e4 c5 2. Nf3 d6 3. c3 Nf6 4. h3 Nc6 5. Bd3 d5 6. e5 Nd7 7. Bb5 Ndb8 8. d4
cxd4 9. cxd4 Bf5 10. Nc3 e6 11. O-O Be7 12. Be3 Nd7 13. Rc1 O-O 14. Qd2 Nb6 15.
Ne2 Nb4 16. a3 a6 17. axb4 axb5 18. b3 Ra3 19. Qc3 Na4 20. Qc7 Rxb3 21. Qxb7 Bd3
22. Rc7 Bxe2 23. Rfc1 Bxb4 24. Bg5 Qa8 25. Qxa8 Rxa8 26. Rc8+ Rxc8 27. Rxc8+ Bf8
28. Be7 h6 29. Rxf8+ Kh7 30. Rxf7 Kg6 31. Rf8 Bxf3 32. gxf3 b4 33. f4 Rb1+ 34.
Kg2 b3 35. f5+ exf5 36. Rb8 b2 37. Ba3 Rd1 38. Bxb2 Rb1 39. Rb4 Nxb2 40. f4 Kh5
41. Rb8 g6 42. Kh2 Kh4 43. Kg2 Kh5 44. Kh2 g5 45. e6 Re1 46. Rxb2 gxf4 47. Rb5
Rxe6 48. Rxd5 Re2+ 49. Kg1 Kh4 50. Kf1 Rd2 51. Rxf5 Kg3 52. Rf6 h5 53. h4 Rxd4
54. Rg6+ Kxh4 55. Kg2 Rd3 56. Rf6 Kg5 57. Rf8 Rg3+ 58. Kh2 Kg4 59. Rf7 Ra3 60.
Rg7+ Kh4 61. Rg8 Ra2+ 62. Kg1 Kh3 63. Rg7 h4 64. Rg8 Rc2 65. Rg7 Rd2 66. Rg8 Rd3
67. Rf8 Kg3 68. Rg8+ Kf3 69. Rf8 Rd2 70. Rf7 h3 71. Kh1 Ke3 72. Re7+ Kf3 73. Rf7
Rc2 74. Rf8 Ke3 75. Re8+ Kf3 76. Rf8 Kg3 77. Rg8+ Kf2 78. Kh2 f3 79. Ra8 Re2 80.
Kxh3 Kf1 81. Kg3 f2 82. Ra1+ Re1 83. Ra2 Re3+ 84. Kh2 Re7 85. Ra1+ Ke2 86. Ra2+
Kf3 87. Ra3+ Re3 88. Ra1 Re1 89. Ra3+ Ke4 90. Ra4+ Kd5 0-1

[Event "ch-RUS Rapid 2017"]
[Site "Sochi RUS"]
[Date "2017.09.30"]
[Round "3.12"]
[White "Rozum, Ivan"]
[Black "Triapishko, Alexandr"]
[Result "1-0"]
[WhiteTitle "GM"]
[BlackTitle "IM"]
[WhiteElo "2590"]
[BlackElo "2500"]
[WhiteFideId "24104272"]
[BlackFideId "14122286"]
[EventDate "2017.09.30"]

1. d4 Nf6 2. c4 g6 3. Nf3 Bg7 4. g3 d5 5. Bg2 dxc4 6. Na3 O-O 7. O-O Nc6 8. Nxc4
Be6 9. b3 a5 10. Bb2 Bd5 11. Ne3 Be4 12. a3 Qc8 13. Nc4 Rd8 14. e3 Ra6 15. Qe2
Bd5 16. Rac1 Ne4 17. Rfd1 Qe6 18. Ne1 Nd6 19. Bxd5 Qxd5 20. Nd3 e6 21. Nce5 Rb6
22. Nc5 f5 23. Na4 Ra6 24. Nd3 Ne4 25. f3 Ng5 26. Kg2 Qd6 27. Nf4 Re8 28. Qb5
Ra7 29. Nc5 Rb8 30. h4 Nf7 31. Ncxe6 Bh8 32. Rc5 Ra6 33. Rdc1 Rb6 34. Qc4 Bf6
35. h5 a4 36. hxg6 hxg6 37. b4 g5 38. Rxf5 gxf4 39. Rxf6 Nce5 40. dxe5 Qd2+ 41.
Kh3 Qxb2 42. gxf4 Rc6 43. Rg1+ 1-0

[Event "ch-RUS Rapid 2017"]
[Site "Sochi RUS"]
[Date "2017.09.30"]
[Round "3.13"]
[White "Moskalenko, Alexander"]
[Black "Rakhmanov, Aleksandr"]
[Result "1/2-1/2"]
[WhiteTitle "IM"]
[BlackTitle "GM"]
[WhiteElo "2531"]
[BlackElo "2669"]
[WhiteFideId "4155351"]
[BlackFideId "4173708"]
[EventDate "2017.09.30"]

1. e4 c5 2. Nf3 Nf6 3. Nc3 d5 4. exd5 Nxd5 5. Bb5+ Bd7 6. Ne5 Nf6 7. Qf3 Qc8 8.
a4 a6 9. Bxd7+ Nbxd7 10. Nc4 e6 11. d3 Be7 12. Bf4 O-O 13. O-O Ra7 14. Ne4 Nd5
15. Bd6 Bxd6 16. Nexd6 Qc6 17. a5 Raa8 18. Rfe1 Rad8 19. Re2 N7f6 20. Ne4 Nxe4
21. Qxe4 Nb4 22. Qxc6 Nxc6 23. f4 Nd4 24. Rf2 h5 25. Re1 g6 26. Re5 Rd5 27. Ne3
Rxe5 28. fxe5 Rd8 29. Nc4 Nf5 30. Kf1 Kg7 31. Ke2 g5 32. c3 Rd7 33. Rf1 Ne7 34.
Ke3 Nd5+ 35. Ke4 Kg6 36. g3 Kg7 37. Nd6 Kg6 38. Nc4 Kg7 39. h4 g4 40. Nd6 Kg6
41. Nc4 Kg7 1/2-1/2

[Event "ch-RUS Rapid 2017"]
[Site "Sochi RUS"]
[Date "2017.09.30"]
[Round "3.14"]
[White "Korchmar, Vasiliy"]
[Black "Demidov, Mikhail"]
[Result "1/2-1/2"]
[WhiteTitle "IM"]
[BlackTitle "IM"]
[WhiteElo "2399"]
[BlackElo "2521"]
[WhiteFideId "24131750"]
[BlackFideId "4197143"]
[EventDate "2017.09.30"]

1. d4 e6 2. c4 Bb4+ 3. Nd2 Nf6 4. g3 c5 5. a3 Bxd2+ 6. Qxd2 cxd4 7. Nf3 d5 8.
cxd5 Qxd5 9. Qxd4 Nc6 10. Qxd5 Nxd5 11. Bg2 b6 12. Bd2 Ba6 13. Rc1 Rc8 14. e3
Ke7 15. Bf1 Bxf1 16. Kxf1 f5 17. Ke2 e5 18. Bc3 Ke6 19. Ng5+ Kf6 20. f4 h6 21.
Nf3 Nxc3+ 22. Rxc3 e4 23. Nd2 Ne7 24. Rhc1 Rxc3 25. Rxc3 Rc8 26. Rxc8 Nxc8 27.
Nc4 Ke6 28. Ne5 Kd5 29. Kd2 Nd6 30. Kc3 Nb7 31. b4 Nd6 32. Kb3 b5 33. Kc3 Ne8
34. Nd7 Nd6 35. Ne5 Ne8 36. Nd7 Nd6 37. Ne5 Ne8 38. Nd7 Nd6 1/2-1/2

[Event "ch-RUS Rapid 2017"]
[Site "Sochi RUS"]
[Date "2017.09.30"]
[Round "3.15"]
[White "Alekseenko, Kirill"]
[Black "Stambulian, Arsen"]
[Result "1-0"]
[WhiteTitle "GM"]
[BlackTitle "IM"]
[WhiteElo "2563"]
[BlackElo "2362"]
[WhiteFideId "4135539"]
[BlackFideId "13300296"]
[EventDate "2017.09.30"]

1. d4 Nf6 2. Nc3 d5 3. Bf4 c6 4. e3 Bf5 5. f3 e6 6. g4 Bg6 7. h4 h5 8. g5 Ng8 9.
Bd3 Ne7 10. Nge2 Nd7 11. e4 dxe4 12. fxe4 e5 13. dxe5 Nc5 14. Qd2 Qa5 15. O-O-O
Ne6 16. Bc4 Rd8 17. Qe3 Nc8 18. Rxd8+ Nxd8 19. Rd1 Bc5 20. Qh3 Nb6 21. Bb3 O-O
22. Bd2 Qa6 23. Nf4 Kh7 24. e6 Nc4 25. exf7 Rxf7 26. Nxg6 Kxg6 27. Qd3 Nxd2 28.
Bxf7+ Nxf7 29. Qxa6 bxa6 30. Kxd2 Ne5 31. Ke2 1-0